[Event "2.Open B Città di Padova Elo <1900"]
[Site "Padova Caffè Pedrocchi"]
[Date "1999.12.12"]
[Round "2.7"]
[White "Conz, Flavio"]
[Black "Di Cataldo, Cesare"]
[Result "0-1"]
[WhiteElo "1633"]
[BlackElo "1803"]
[Annotator "Gabriele Ballarin"]
[PlyCount "72"]
[EventDate "1999.12.11"]
[EventType "swiss"]
[EventRounds "6"]
[EventCountry "ITA"]
[SourceTitle "Ballarin Gabriele"]
[Source "Ballarin Gabrie"]
[SourceDate "2001.01.01"]
[SourceVersion "1"]
[SourceVersionDate "2001.01.01"]
[SourceQuality "1"]

1. Nf3 Nf6 2. d4 e6 3. Nbd2 d5 4. e3 c5 5. c3 Bd6 6. Bd3 Nc6 7. b3 O-O 8. Bb2 b6 9. Rc1 Bb7 10. O-O Re8 11. Re1 Ne7 12. e4 Bf4 13. e5 Ne4 14. g3 Bh6 15. Rc2 Nxd2 16. Nxd2 g6 17. f4 Nc6 18. Nf3 cxd4 19. Nxd4 Bf8 20. Qd2 a6 21. h4 h5 22. Kh2 b5 23. b4 Qb6 24. Rg1 Bh6 25. Qe1 a5 26. Nxb5 axb4 27. Nd6 Reb8 28. Rf2 Rxa2 29. c4 dxc4 30. Nxc4 Qd8 31. Qb1 Rba8 32. Nd6 Qb6 33. Nc4 Qxf2+ 34. Rg2 Qf3 35. Bxg6 Nxe5 36. Bh7+ Kf8 0-1

[Event "2.Open B Città di Padova Elo <1900"]
[Site "Padova Caffè Pedrocchi"]
[Date "1999.12.12"]
[Round "2.8"]
[White "Gennari, Leone"]
[Black "Guastadini, Paolo"]
[Result "0-1"]
[WhiteElo "1777"]
[BlackElo "1648"]
[Annotator "Gabriele Ballarin"]
[PlyCount "142"]
[EventDate "1999.12.11"]
[EventType "swiss"]
[EventRounds "6"]
[EventCountry "ITA"]
[SourceTitle "Ballarin Gabriele"]
[Source "Ballarin Gabrie"]
[SourceDate "2001.01.01"]
[SourceVersion "1"]
[SourceVersionDate "2001.01.01"]
[SourceQuality "1"]

1. d4 g6 2. c4 Bg7 3. Nc3 d6 4. e4 Nd7 5. Be3 e5 6. d5 Ne7 7. Bd3 O-O 8. Nge2 f5 9. f3 Nc5 10. b4 Nxd3+ 11. Qxd3 c6 12. O-O cxd5 13. cxd5 a6 14. Rac1 Bd7 15. a4 f4 16. Bf2 g5 17. a5 Qe8 18. Rc2 Bf6 19. Rfc1 Rc8 20. Kf1 h5 21. Ke1 Kg7 22. Kd2 Rh8 23. Rg1 Kf7 24. Kc1 g4 25. Kb2 Ng6 26. Rgc1 Nh4 27. Bxh4 Bxh4 28. Ng1 Bd8 29. Nce2 Rxc2+ 30. Qxc2 h4 31. fxg4 Bxg4 32. h3 Bh5 33. Qc8 Qe7 34. Nf3 Kg7 35. Qc4 Be8 36. Nc3 Qd7 37. Rc2 Kf8 38. Rf2 Rg8 39. Qe2 Rg3 40. Qf1 Qg7 41. Ne1 Kg8 42. Rf3 Rg6 43. Rf2 Qc7 44. Qd3 Qb8 45. Ka3 Qa7 46. Rb2 b6 47. axb6 Bxb6 48. Nf3 Rg3 49. Qc4 Bd4 50. Qc8 Qd7 51. Qxd7 Bxd7 52. Kb3 Bxc3 53. Kxc3 Bxh3 54. gxh3 Rxf3+ 55. Kc4 Ra3 56. b5 Ra4+ 57. Kd3 axb5 58. Rxb5 Kf7 59. Rb7+ Kf6 60. Rb6 Ke7 61. Rb7+ Kd8 62. Rh7 Rd4+ 63. Ke2 Rxe4+ 64. Kf2 Rd4 65. Rxh4 Rxd5 66. Rh7 Rc5 67. h4 Ke8 68. h5 e4 69. h6 Rh5 70. Rh8+ Kf7 71. h7 Kg7 0-1

[Event "2.Open B Città di Padova Elo <1900"]
[Site "Padova Caffè Pedrocchi"]
[Date "1999.12.12"]
[Round "2.9"]
[White "Opacic, Alexandar"]
[Black "Perryman, Marcus"]
[Result "1/2-1/2"]
[WhiteElo "1759"]
[BlackElo "1648"]
[Annotator "Gabriele Ballarin"]
[PlyCount "91"]
[EventDate "1999.12.11"]
[EventType "swiss"]
[EventRounds "6"]
[EventCountry "ITA"]
[SourceTitle "Ballarin Gabriele"]
[Source "Ballarin Gabrie"]
[SourceDate "2001.01.01"]
[SourceVersion "1"]
[SourceVersionDate "2001.01.01"]
[SourceQuality "1"]

1. e4 Nf6 2. e5 Nd5 3. d4 d6 4. c4 Nb6 5. Nf3 g6 6. h3 Bg7 7. exd6 cxd6 8. Bd2 Nc6 9. Bc3 d5 10. c5 Nd7 11. Bd3 O-O 12. O-O e5 13. dxe5 Nxc5 14. Bc2 Re8 15. Re1 d4 16. Nxd4 Nxe5 17. Nd2 Ncd3 18. Bxd3 Nxd3 19. Rxe8+ Qxe8 20. N2f3 Nc5 21. Qf1 b6 22. Re1 Qd7 23. Qe2 Ba6 24. Qe7 Qxe7 25. Rxe7 Bf6 26. Re3 Rd8 27. Kh2 Bb7 28. Nc6 Bxc6 29. Bxf6 Re8 30. Ra3 Ne4 31. Bd4 Re7 32. Ne5 Bd5 33. Ng4 h5 34. Ne3 Bc6 35. f3 Nd6 36. Bf6 Re6 37. Bg5 f6 38. Bf4 Nb5 39. Rd3 g5 40. Bb8 Re8 41. Bg3 h4 42. Bf2 Nc7 43. Nf5 Nd5 44. Nh6+ Kh7 45. Ng4 Kg6 46. b3 1/2-1/2

[Event "2.Open B Città di Padova Elo <1900"]
[Site "Padova Caffè Pedrocchi"]
[Date "1999.12.12"]
[Round "2.10"]
[White "Pietrobon, Fabio"]
[Black "Gubellini, Luciano"]
[Result "0-1"]
[WhiteElo "1732"]
[BlackElo "1600"]
[Annotator "Gabriele Ballarin"]
[PlyCount "132"]
[EventDate "1999.12.11"]
[EventType "swiss"]
[EventRounds "6"]
[EventCountry "ITA"]
[SourceTitle "Ballarin Gabriele"]
[Source "Ballarin Gabrie"]
[SourceDate "2001.01.01"]
[SourceVersion "1"]
[SourceVersionDate "2001.01.01"]
[SourceQuality "1"]

1. c4 Nf6 2. g3 d5 3. cxd5 Nxd5 4. Bg2 Nf6 5. Nc3 e6 6. Nf3 Nbd7 7. O-O Be7 8. d4 O-O 9. Qc2 c6 10. e4 h6 11. Bf4 Nh5 12. Bd2 Nhf6 13. Rad1 b5 14. Rfe1 Bb7 15. h3 Rc8 16. Qd3 a6 17. Be3 Qc7 18. Nd2 Rfd8 19. f4 c5 20. d5 c4 21. Qe2 Nc5 22. d6 Bxd6 23. e5 Bxg2 24. exd6 Rxd6 25. Qxg2 Nd3 26. Nde4 Nxe4 27. Nxe4 Nxe1 28. Rxe1 Rd3 29. Nf2 Rd5 30. Qe4 Qa5 31. Qb1 Rcd8 32. Kf1 b4 33. Rc1 Qb5 34. Kg1 a5 35. Qc2 Rc8 36. Ne4 Rd3 37. Bf2 Qd5 38. Qe2 f5 39. Nc5 Rxc5 40. Bxc5 Qxc5+ 41. Kh2 Qd5 42. Rc2 Rd1 43. Qg2 Qxg2+ 44. Kxg2 b3 45. axb3 cxb3 46. Re2 Kf7 47. Kf3 Rd4 48. Re3 a4 49. Ke2 Rc4 50. Rd3 Ke7 51. Rd2 e5 52. fxe5 Ke6 53. Kd3 Re4 54. Kc3 Kxe5 55. Rd3 g5 56. Rf3 f4 57. gxf4+ gxf4 58. Rf2 Re3+ 59. Kb4 Rxh3 60. Kxa4 Ke4 61. Kb4 Ke3 62. Rf1 f3 63. Re1+ Kd2 64. Re8 f2 65. Rd8+ Rd3 66. Rf8 Ke2 0-1

[Event "2.Open B Città di Padova Elo <1900"]
[Site "Padova Caffè Pedrocchi"]
[Date "1999.12.12"]
[Round "2.11"]
[White "Morganti, Lionello"]
[Black "Rotoni, Matteo"]
[Result "0-1"]
[WhiteElo "1624"]
[BlackElo "1732"]
[Annotator "Gabriele Ballarin"]
[PlyCount "80"]
[EventDate "1999.12.11"]
[EventType "swiss"]
[EventRounds "6"]
[EventCountry "ITA"]
[SourceTitle "Ballarin Gabriele"]
[Source "Ballarin Gabrie"]
[SourceDate "2001.01.01"]
[SourceVersion "1"]
[SourceVersionDate "2001.01.01"]
[SourceQuality "1"]

1. e4 e6 2. d4 d5 3. Nd2 Nf6 4. e5 Nfd7 5. Bd3 c5 6. c3 Nc6 7. Ne2 cxd4 8. cxd4 f6 9. exf6 Nxf6 10. O-O Qb6 11. Nf3 Bd6 12. Nc3 O-O 13. Nb5 Bb8 14. b3 e5 15. dxe5 Nxe5 16. Nbd4 Nxd3 17. Qxd3 Ne4 18. Be3 Qg6 19. g3 Bh3 20. Rfe1 Qh5 21. Nd2 Nf6 22. f3 a6 23. b4 Bd6 24. a3 Rac8 25. Rac1 Nd7 26. N4b3 Qf7 27. Rxc8 Rxc8 28. Bd4 h5 29. f4 Re8 30. Rxe8+ Qxe8 31. Bf2 Nf6 32. Nf3 Bg4 33. Ng5 Qc8 34. Qg6 Qd7 35. Nd4 Qe8 36. Qd3 h4 37. Ndf3 hxg3 38. hxg3 Qc8 39. Qg6 Qd7 40. Bd4 Bf5 0-1

[Event "2.Open B Città di Padova Elo <1900"]
[Site "Padova Caffè Pedrocchi"]
[Date "1999.12.12"]
[Round "2.12"]
[White "Zanirato, Stefano"]
[Black "Pietrobon, Gabriele"]
[Result "1-0"]
[WhiteElo "1722"]
[BlackElo "1485"]
[Annotator "Gabriele Ballarin"]
[PlyCount "79"]
[EventDate "1999.12.11"]
[EventType "swiss"]
[EventRounds "6"]
[EventCountry "ITA"]
[SourceTitle "Ballarin Gabriele"]
[Source "Ballarin Gabrie"]
[SourceDate "2001.01.01"]
[SourceVersion "1"]
[SourceVersionDate "2001.01.01"]
[SourceQuality "1"]

1. Nf3 Nf6 2. d3 g6 3. c3 c5 4. e4 d6 5. Qc2 Nc6 6. Be2 Bg7 7. O-O O-O 8. a4 b6 9. Nbd2 Bb7 10. Nc4 Qc7 11. Ne3 Rad8 12. d4 Nb8 13. e5 Bxf3 14. exf6 Bxf6 15. Bxf3 cxd4 16. cxd4 Qxc2 17. Nxc2 Rc8 18. Be4 Rc7 19. Be3 Rfc8 20. Na3 a6 21. Rad1 Nc6 22. b3 Na5 23. Bd5 e6 24. Bc4 Ra8 25. d5 Bb2 26. Bxb6 Bxa3 27. Bxc7 Nxc4 28. bxc4 Rc8 29. Rd3 Bb4 30. Rb3 a5 31. Bb6 Rxc4 32. g3 e5 33. Be3 f6 34. Rc1 Rxc1+ 35. Bxc1 Kf7 36. Ba3 Bc5 37. Bxc5 dxc5 38. Rc3 Ke7 39. Rxc5 Kd6 40. Rxa5 1-0

[Event "2.Open B Città di Padova Elo <1900"]
[Site "Padova Caffè Pedrocchi"]
[Date "1999.12.12"]
[Round "2.13"]
[White "De Nard, Stefano"]
[Black "Lain, Luigi"]
[Result "0-1"]
[WhiteElo "1554"]
[BlackElo "1717"]
[Annotator "Gabriele Ballarin"]
[PlyCount "70"]
[EventDate "1999.12.11"]
[EventType "swiss"]
[EventRounds "6"]
[EventCountry "ITA"]
[SourceTitle "Ballarin Gabriele"]
[Source "Ballarin Gabrie"]
[SourceDate "2001.01.01"]
[SourceVersion "1"]
[SourceVersionDate "2001.01.01"]
[SourceQuality "1"]

1. e4 e5 2. Nf3 Nc6 3. g3 Bc5 4. Bg2 Nf6 5. d3 d6 6. Nbd2 Bg4 7. Nf1 Qd7 8. h3 Bh5 9. Be3 Bb6 10. Bxb6 axb6 11. g4 Bg6 12. Nh4 Ne7 13. Ne3 h5 14. g5 Nh7 15. Nxg6 fxg6 16. h4 O-O 17. Nf1 Nc6 18. a3 Qf7 19. Qd2 Nd4 20. Nh2 Qf4 21. O-O-O Qxf2 22. Nf1 Qxd2+ 23. Rxd2 Rf4 24. Ne3 Nf8 25. Rdd1 Nfe6 26. Rdf1 Rxf1+ 27. Rxf1 Nf4 28. Bf3 b5 29. Bd1 Kf7 30. Ng2 Nde6 31. d4 Ke7 32. Nxf4 Nxf4 33. c3 c6 34. Bb3 Rf8 35. d5 Nd3+ 0-1

[Event "2.Open B Città di Padova Elo <1900"]
[Site "Padova Caffè Pedrocchi"]
[Date "1999.12.12"]
[Round "2.14"]
[White "Castellano, Alfonso"]
[Black "Spinoso, Giovanni"]
[Result "1-0"]
[WhiteElo "1716"]
[BlackElo "1500"]
[Annotator "Gabriele Ballarin"]
[PlyCount "123"]
[EventDate "1999.12.11"]
[EventType "swiss"]
[EventRounds "6"]
[EventCountry "ITA"]
[SourceTitle "Ballarin Gabriele"]
[Source "Ballarin Gabrie"]
[SourceDate "2001.01.01"]
[SourceVersion "1"]
[SourceVersionDate "2001.01.01"]
[SourceQuality "1"]

1. c4 Nf6 2. Nc3 g6 3. g3 Bg7 4. Bg2 O-O 5. e4 d6 6. Nge2 c5 7. O-O Nc6 8. d3 Ne8 9. Be3 f5 10. Qd2 Nf6 11. d4 Ng4 12. dxc5 Nxe3 13. Qxe3 Nb4 14. Rad1 Qc7 15. cxd6 exd6 16. b3 Qc5 17. Qd2 Be5 18. Na4 Qa5 19. a3 Nc6 20. f4 Qxd2 21. Rxd2 Bf6 22. Rxd6 Be7 23. Rd3 fxe4 24. Bxe4 Bxa3 25. Nd4 Nxd4 26. Rxd4 Rb8 27. Bd5+ Kg7 28. Kg2 b6 29. Bc6 Bb7 30. Bxb7 Rxb7 31. Re1 Kf7 32. Rde4 Re7 33. Nc3 Bb4 34. Nd5 Rxe4 35. Rxe4 Bd6 36. Kf3 h6 37. h3 h5 38. b4 Rd8 39. b5 Rd7 40. g4 hxg4+ 41. hxg4 Rd8 42. g5 Rh8 43. Kg4 Rh1 44. Ne3 Rg1+ 45. Kf3 Rb1 46. Rd4 Ke6 47. Rd1 Rb3 48. Ke4 Bc5 49. Rd3 Rb1 50. Rd1 Rb3 51. Nd5 Bd6 52. Rf1 Rh3 53. f5+ gxf5+ 54. Rxf5 Rh4+ 55. Nf4+ Ke7 56. Kf3 Ke8 57. g6 Bxf4 58. Rxf4 Rh3+ 59. Kg4 Rh8 60. Kg5 Rh1 61. g7 Rg1+ 62. Kf6 1-0

[Event "2.Open B Città di Padova Elo <1900"]
[Site "Padova Caffè Pedrocchi"]
[Date "1999.12.12"]
[Round "2.15"]
[White "Tinnirello, Mario"]
[Black "Viaggi, Stefano"]
[Result "1/2-1/2"]
[WhiteElo "1552"]
[BlackElo "1716"]
[Annotator "Gabriele Ballarin"]
[PlyCount "40"]
[EventDate "1999.12.11"]
[EventType "swiss"]
[EventRounds "6"]
[EventCountry "ITA"]
[SourceTitle "Ballarin Gabriele"]
[Source "Ballarin Gabrie"]
[SourceDate "2001.01.01"]
[SourceVersion "1"]
[SourceVersionDate "2001.01.01"]
[SourceQuality "1"]

1. e4 g6 2. d4 Bg7 3. Nc3 c6 4. Be3 d5 5. e5 Qa5 6. Qd2 Nd7 7. Be2 e6 8. f4 Ne7 9. Nf3 h5 10. O-O Nf5 11. Bf2 Bf8 12. a3 Be7 13. b4 Qc7 14. Nd1 b6 15. c4 Bb7 16. Ne3 Rd8 17. Rfc1 Qb8 18. Rc3 Nxe3 19. Bxe3 O-O 20. Rac1 dxc4 1/2-1/2

[Event "2.Open B Città di Padova Elo <1900"]
[Site "Padova Caffè Pedrocchi"]
[Date "1999.12.12"]
[Round "2.16"]
[White "Gamberini, Davide"]
[Black "Vastano, Ciro"]
[Result "1-0"]
[WhiteElo "1714"]
[BlackElo "1300"]
[Annotator "Gabriele Ballarin"]
[PlyCount "87"]
[EventDate "1999.12.11"]
[EventType "swiss"]
[EventRounds "6"]
[EventCountry "ITA"]
[SourceTitle "Ballarin Gabriele"]
[Source "Ballarin Gabrie"]
[SourceDate "2001.01.01"]
[SourceVersion "1"]
[SourceVersionDate "2001.01.01"]
[SourceQuality "1"]

{[%evp 0,86,18,27,38,32,31,32,57,32,39,32,26,26,19,14,14,17,31,-23,19,31,28,12,48,39,29,11,70,62,96,72,93,89,77,81,72,73,74,76,69,67,86,91,91,93,94,90,91,91,103,97,101,85,108,79,137,122,115,118,122,106,185,194,196,196,240,244,241,185,179,195,197,192,187,186,186,168,159,172,315,328,322,338,346,354,360,354,383]} 1. e4 e6 2. d4 d5 3. Nc3 Nf6 4. Bg5 dxe4 5. Nxe4 Be7 6. Nxf6+ Bxf6 7. Bxf6 Qxf6 8. Nf3 O-O 9. Be2 Nd7 10. O-O b6 11. Bb5 Qe7 12. Bc6 Rb8 13. Re1 Nf6 14. c4 Bb7 15. Ne5 Qd6 16. Bxb7 Rxb7 17. Qf3 Rbb8 18. Nc6 Rbe8 19. Rad1 Ng4 20. g3 Nf6 21. Nxa7 Ra8 22. Nb5 Qb4 23. Qc3 Qxc3 24. Nxc3 Rfe8 25. a3 h6 26. Re2 Re7 27. Rde1 c6 28. d5 cxd5 29. cxd5 Rae8 30. f4 Rd7 31. dxe6 fxe6 32. Rxe6 Rxe6 33. Rxe6 Rd2 34. Re2 Rd3 35. Ne4 Ng4 36. Nf2 Nxf2 37. Kxf2 Kf7 38. h4 Kf6 39. g4 Kg6 40. Re6+ Kf7 41. Rxb6 Rd2+ 42. Ke3 Rg2 43. Kf3 Rh2 44. h5 1-0

[Event "2.Open B Città di Padova Elo <1900"]
[Site "Padova Caffè Pedrocchi"]
[Date "1999.12.12"]
[Round "2.17"]
[White "Todic, Simo"]
[Black "Ferrari, Mario"]
[Result "0-1"]
[WhiteElo "1699"]
[BlackElo "1698"]
[Annotator "Gabriele Ballarin"]
[PlyCount "42"]
[EventDate "1999.12.11"]
[EventType "swiss"]
[EventRounds "6"]
[EventCountry "ITA"]
[SourceTitle "Ballarin Gabriele"]
[Source "Ballarin Gabrie"]
[SourceDate "2001.01.01"]
[SourceVersion "1"]
[SourceVersionDate "2001.01.01"]
[SourceQuality "1"]

1. e4 e6 2. d4 d5 3. Nd2 c5 4. dxc5 Bxc5 5. Nb3 Bb6 6. Qg4 Nf6 7. Qxg7 Rg8 8. Qh6 Nxe4 9. Be3 Bxe3 10. Qxe3 Nc6 11. Nf3 Qf6 12. O-O-O Bd7 13. Bd3 Rg4 14. g3 Nb4 15. a3 Nxd3+ 16. Rxd3 Rc8 17. Qxa7 Bb5 18. Qd4 Bxd3 19. Qxd3 Nxf2 20. Qb5+ Kf8 21. Nfd2 Nxh1 0-1

[Event "2.Open B Città di Padova Elo <1900"]
[Site "Padova Caffè Pedrocchi"]
[Date "1999.12.12"]
[Round "2.18"]
[White "Borgato, Alessandro"]
[Black "Logallo, Claudio"]
[Result "0-1"]
[WhiteElo "1494"]
[BlackElo "1600"]
[Annotator "Gabriele Ballarin"]
[PlyCount "30"]
[EventDate "1999.12.11"]
[EventType "swiss"]
[EventRounds "6"]
[EventCountry "ITA"]
[SourceTitle "Ballarin Gabriele"]
[Source "Ballarin Gabrie"]
[SourceDate "2001.01.01"]
[SourceVersion "1"]
[SourceVersionDate "2001.01.01"]
[SourceQuality "1"]

{[%evp 0,30,18,27,39,33,28,8,23,1,-5,4,4,-12,-13,-29,-18,-26,-13,-10,-14,6,-21,-30,-33,-33,-22,0,74,0,36,-191,-196]} 1. e4 e5 2. Nf3 Nc6 3. Bc4 Bc5 4. c3 Nf6 5. d4 exd4 6. cxd4 Bb4+ 7. Nc3 Nxe4 8. O-O Bxc3 9. d5 Bf6 10. Re1 Ne7 11. Rxe4 d6 12. Bg5 Bxg5 13. Nxg5 f5 14. Qf3 O-O 15. Rxe7 Qxe7 {Nur} 0-1

[Event "2.Open B Città di Padova Elo <1900"]
[Site "Padova Caffè Pedrocchi"]
[Date "1999.12.12"]
[Round "2.19"]
[White "Tresin, Ardilio"]
[Black "Radulescu, Gheorghe"]
[Result "0-1"]
[WhiteElo "1380"]
[BlackElo "1845"]
[Annotator "Gabriele Ballarin"]
[PlyCount "66"]
[EventDate "1999.12.11"]
[EventType "swiss"]
[EventRounds "6"]
[EventCountry "ITA"]
[SourceTitle "Ballarin Gabriele"]
[Source "Ballarin Gabrie"]
[SourceDate "2001.01.01"]
[SourceVersion "1"]
[SourceVersionDate "2001.01.01"]
[SourceQuality "1"]

1. d4 Nf6 2. Nf3 g6 3. e3 Bg7 4. Bd3 O-O 5. O-O d6 6. Nbd2 Nc6 7. c3 e5 8. Ne4 Nxe4 9. Bxe4 d5 10. Bc2 e4 11. Nd2 Qg5 12. Kh1 Ne7 13. c4 c6 14. Qe1 Nf5 15. f4 Qe7 16. c5 b6 17. b4 a5 18. Ba3 Nh6 19. Bd1 Bd7 20. h3 Rfb8 21. Bb3 b5 22. Bd1 Bf6 23. Kh2 Nf5 24. g4 Bh4 25. Qe2 Ng3 26. Qg2 Nxf1+ 27. Nxf1 h6 28. Ng3 Kh7 29. f5 gxf5 30. Nxf5 Bxf5 31. gxf5 Rg8 32. Qe2 Qc7+ 33. Kh1 Qg3 0-1

[Event "2.Open B Città di Padova Elo <1900"]
[Site "Padova Caffè Pedrocchi"]
[Date "1999.12.12"]
[Round "2.20"]
[White "Battagin_214, Mosè"]
[Black "Boscolo, Ampelio"]
[Result "1-0"]
[WhiteElo "1840"]
[BlackElo "1494"]
[Annotator "Gabriele Ballarin"]
[PlyCount "75"]
[EventDate "1999.12.11"]
[EventType "swiss"]
[EventRounds "6"]
[EventCountry "ITA"]
[SourceTitle "Ballarin Gabriele"]
[Source "Ballarin Gabrie"]
[SourceDate "2001.01.01"]
[SourceVersion "1"]
[SourceVersionDate "2001.01.01"]
[SourceQuality "1"]

1. e4 e6 2. d4 d5 3. Nc3 dxe4 4. Nxe4 Nf6 5. Nxf6+ Qxf6 6. Nf3 Bd6 7. Bg5 Qf5 8. Bd3 Qa5+ 9. Bd2 Qb6 10. O-O Nd7 11. Re1 Nf6 12. c4 c5 13. b4 cxd4 14. c5 Bxc5 15. bxc5 Qxc5 16. Rc1 Qd6 17. Rc4 Bd7 18. Rxd4 Nd5 19. Bb4 Qb6 20. Rxd5 Qxb4 21. Rd4 Qa5 22. Ne5 Bc6 23. Nxc6 bxc6 24. Be4 Rc8 25. Qb1 O-O 26. Bxh7+ Kh8 27. Red1 Qh5 28. Be4 g5 29. Bf3 Qh6 30. Qe4 f5 31. Qe5+ Kg8 32. Rd6 Rce8 33. Bxc6 Re7 34. Ba4 g4 35. Bb3 Rf6 36. Rd8+ Kf7 37. R8d7 f4 38. Rxe7+ 1-0

[Event "2.Open B Città di Padova Elo <1900"]
[Site "Padova Caffè Pedrocchi"]
[Date "1999.12.12"]
[Round "2.21"]
[White "Troise, Salvatore"]
[Black "Sinato, Fabrizio"]
[Result "1-0"]
[WhiteElo "1591"]
[BlackElo "1704"]
[Annotator "Gabriele Ballarin"]
[PlyCount "61"]
[EventDate "1999.12.11"]
[EventType "swiss"]
[EventRounds "6"]
[EventCountry "ITA"]
[SourceTitle "Ballarin Gabriele"]
[Source "Ballarin Gabrie"]
[SourceDate "2001.01.01"]
[SourceVersion "1"]
[SourceVersionDate "2001.01.01"]
[SourceQuality "1"]

1. e4 c5 2. Nf3 d6 3. d4 cxd4 4. Nxd4 Nf6 5. Nc3 a6 6. Be2 e5 7. Nb3 Be6 8. Be3 b5 9. a3 Nbd7 10. O-O Nb6 11. f4 Nc4 12. Bxc4 Bxc4 13. Re1 Qc7 14. Qf3 Be7 15. Rad1 O-O 16. f5 Rab8 17. g4 Kh8 18. g5 Nd7 19. Rd2 b4 20. axb4 Rxb4 21. Nd5 Bxd5 22. exd5 a5 23. Rg2 a4 24. Nd2 Rxb2 25. Ne4 Rxc2 26. Rg3 f6 27. g6 Rb8 28. Qh5 Nf8 29. gxh7 Bd8 30. Nxd6 Qxd6 31. Qf7 1-0

[Event "2.Open B Città di Padova Elo <1900"]
[Site "Padova Caffè Pedrocchi"]
[Date "1999.12.12"]
[Round "2.22"]
[White "De Napoli, Giuseppe"]
[Black "Marson, Luca"]
[Result "1-0"]
[WhiteElo "1678"]
[BlackElo "1648"]
[Annotator "Gabriele Ballarin"]
[PlyCount "96"]
[EventDate "1999.12.11"]
[EventType "swiss"]
[EventRounds "6"]
[EventCountry "ITA"]
[SourceTitle "Ballarin Gabriele"]
[Source "Ballarin Gabrie"]
[SourceDate "2001.01.01"]
[SourceVersion "1"]
[SourceVersionDate "2001.01.01"]
[SourceQuality "1"]

{[%evp 0,95,18,18,30,26,30,12,22,10,14,-12,8,-4,-9,-16,9,-4,39,18,24,64,61,-3,-10,-10,-7,-28,-23,-34,-32,-40,-37,-37,-46,-40,-53,-49,-24,-39,-3,-16,-10,-57,-37,-52,-56,-69,-59,-59,-48,-67,-70,-82,-82,-102,-92,-82,-90,-131,-130,-91,-115,-142,-158,-168,-163,-212,-141,-157,-154,-152,-124,-129,-120,-153,-166,-205,-154,-147,-153,-153,-150,-150,-139,-131,-144,-143,-141,-139,-152,-241,-196,-195,-182,-234,-234,-246]} 1. d4 Nf6 2. Nf3 e6 3. e3 c5 4. Bd3 Nc6 5. c3 b6 6. Nbd2 Bb7 7. O-O Qc7 8. Qe2 a6 9. e4 Be7 10. e5 Nd5 11. Ne4 cxd4 12. cxd4 f5 13. Nc3 Ncb4 14. Nxd5 Bxd5 15. Bd2 Nxd3 16. Qxd3 Qb7 17. Rfc1 O-O 18. Ne1 Kh8 19. Qh3 g5 20. Qh5 Rg8 21. Qe2 Raf8 22. Qd3 f4 23. Qc3 Rc8 24. Qd3 Be4 25. Qb3 a5 26. Rxc8 Rxc8 27. Qh3 Qc6 28. a3 Qa4 29. Qg4 Qxd4 30. Bc3 Qa4 31. Qe2 Qc4 32. Qd2 Bd5 33. Rd1 Qe4 34. Qd4 Qxd4 35. Bxd4 Bc5 36. Rc1 Rc6 37. Bc3 Bd4 38. h3 Bxc3 39. Rxc3 Rxc3 40. bxc3 Be4 41. f3 Bb1 42. Kf2 Kg7 43. g3 fxg3+ 44. Kxg3 Kg6 45. f4 Kf5 46. fxg5 Kxg5 47. Nf3+ Kf5 48. h4 h5 1-0

[Event "2.Open B Città di Padova Elo <1900"]
[Site "Padova Caffè Pedrocchi"]
[Date "1999.12.12"]
[Round "2.23"]
[White "Pedrollo, Cristian"]
[Black "Consolo, Arturo"]
[Result "0-1"]
[WhiteElo "1474"]
[BlackElo "1588"]
[Annotator "Gabriele Ballarin"]
[PlyCount "74"]
[EventDate "1999.12.11"]
[EventType "swiss"]
[EventRounds "6"]
[EventCountry "ITA"]
[SourceTitle "Ballarin Gabriele"]
[Source "Ballarin Gabrie"]
[SourceDate "2001.01.01"]
[SourceVersion "1"]
[SourceVersionDate "2001.01.01"]
[SourceQuality "1"]

1. d4 c5 2. d5 e6 3. c4 d6 4. Nc3 Nf6 5. e4 g6 6. Nf3 Bg7 7. Be2 O-O 8. O-O Na6 9. Bg5 e5 10. Qd2 Bd7 11. a3 Nc7 12. Rab1 Qc8 13. b4 cxb4 14. axb4 Na6 15. Rfc1 b6 16. Bd3 Nh5 17. Nb5 f6 18. Be3 Bxb5 19. cxb5 Nc7 20. Rc2 Qd7 21. Rc6 Rae8 22. Rbc1 Na8 23. Qc2 Rf7 24. g3 Bf8 25. Nd2 Ng7 26. h4 f5 27. Nb3 f4 28. Bd2 Qg4 29. Kg2 fxg3 30. fxg3 Qf3+ 31. Kh3 Nh5 32. Be1 Nf4+ 33. Kh2 Nxd3 34. Rc3 Nxe1 35. Rxe1 Qg4 36. Ree3 Bh6 37. Red3 Ref8 0-1

[Event "2.Open B Città di Padova Elo <1900"]
[Site "Padova Caffè Pedrocchi"]
[Date "1999.12.12"]
[Round "2.24"]
[White "Gottardo, J.Michele"]
[Black "Giancotti, Eraldo"]
[Result "0-1"]
[WhiteElo "1500"]
[BlackElo "1760"]
[Annotator "Gabriele Ballarin"]
[PlyCount "75"]
[EventDate "1999.12.11"]
[EventType "swiss"]
[EventRounds "6"]
[EventCountry "ITA"]
[SourceTitle "Ballarin Gabriele"]
[Source "Ballarin Gabrie"]
[SourceDate "2001.01.01"]
[SourceVersion "1"]
[SourceVersionDate "2001.01.01"]
[SourceQuality "1"]

{[%evp 0,73,18,27,64,64,58,64,101,73,74,44,37,30,10,14,14,-5,-12,14,-8,-5,6,12,-11,-29,6,-23,-27,-41,-36,-39,-38,-34,-52,-81,-34,-198,-184,-194,-199,-198,-202,-202,-202,-202,-202,-241,-246,-261,-265,-272,-236,-277,-270,-272,-267,-284,-286,-308,-320,-346,-362,-356,-373,-374,-354,-395,-386,-420,-420,-435,-401,-418,-393,-441]} 1. e4 d6 2. d4 Nf6 3. Nc3 g6 4. Bc4 Bg7 5. Be3 c6 6. f3 b5 7. Bb3 Nbd7 8. e5 dxe5 9. dxe5 Nxe5 10. Qxd8+ Kxd8 11. O-O-O+ Ke8 12. Nge2 e6 13. Bc5 Ned7 14. Bd6 Bf8 15. Ng3 Bxd6 16. Rxd6 Bb7 17. Nge4 Nd5 18. Re1 Ke7 19. Rxd7+ Kxd7 20. Nc5+ Kc7 21. N3e4 Rad8 22. Ng5 Rdf8 23. Bxd5 cxd5 24. b4 h6 25. Nh3 a5 26. a3 axb4 27. axb4 Ra8 28. Kb2 d4 29. Nf2 Bd5 30. Kc1 Ra1+ 31. Kd2 Rxe1 32. Kxe1 Ra8 33. Nfd3 Ra1+ 34. Kf2 Ra2 35. Ne1 Bc4 36. Kg3 Kd6 37. f4 Ra4 38. Nxa4 0-1